Proti podvodníkům funguje sdílení informace
Podvody v cestnej nákladnej doprave. Tzv. fantómová preprava ako špecifický typ podvodu a trestný čin. Využitie prepravnej burzy na podvody. Sofistikované podvody. Fantómoví prepravcovia aj v zahraničí. Ďalšie bezpečnostné riziká. Ľudský faktor.
Na minha lista:
| Autor principal: | |
|---|---|
| Formato: | Capítulo de Livro |
| Idioma: | tcheco |
| Assuntos: | |
| Tags: |
Sem tags, seja o primeiro a adicionar uma tag!
|
MARC
| LEADER | 00000naa a2200000 4500 | ||
|---|---|---|---|
| 001 | 0215640 | ||
| 005 | 20160428124804.2 | ||
| 041 | 0 | |a cze | |
| 044 | |a CZ | ||
| 245 | 1 | 0 | |a Proti podvodníkům funguje sdílení informace |c Radek Novotný |
| 520 | |a Podvody v cestnej nákladnej doprave. Tzv. fantómová preprava ako špecifický typ podvodu a trestný čin. Využitie prepravnej burzy na podvody. Sofistikované podvody. Fantómoví prepravcovia aj v zahraničí. Ďalšie bezpečnostné riziká. Ľudský faktor. | ||
| 610 | 2 | 0 | |a doprava cestná nákladná |
| 610 | 2 | 0 | |a podvody |
| 610 | 2 | 0 | |a činy trestné |
| 610 | 2 | 0 | |a krádeže |
| 610 | 2 | 0 | |a Česko |
| 100 | 1 | |a Novotný, Radek | |